Представление документа в формате RUSMARC

ПолеНазваниеЗначение
  Тип записи a
  Библиографический уровень a
001 Контрольный номер RU/CBS_UL/BASE/c89327cdfff54a3bbd02763e56bab086
005 Дата корректировки 20250224132502.3
100 Данные общей обработки __
a Данные общей обработки 20230428 ||| 0rusy0189 ca
101 Язык документа 0_
a Язык текста rus
102 Страна публикации __
a Страна публикации RU
200 Заглавие и сведения об ответственности 1_
a Заглавие Кем занято сердце поп-короля?
e Сведения, относящиеся к заглавию [о личной жизни артиста Ф. Киркорова]
f Первые сведения об ответственности М. Ким
300 Общие примечания __
a Общие примечания 16+
461 Уровень набора _0
1 2000
a Дарья. Биография
463 Уровень физической единицы _0
1 2000
a № 4
v С. 14-15 : фот.
1 2101
d 2023
1 001RU/CBS_UL/BASE/a3f68aa67b494533a02fc2573bf9b89e
600 Персоналии _1
a Персоналии (Фамилия) Киркоров
b Персоналии (Имя, инициалы) Ф. Б.
606 Тематические рубрики 0_
a Основная рубрика Киркоров, Филипп Бедросович (1967)
610 Ключевые слова 0_
a Ключевые слова певцы эстрадные
610 Ключевые слова 0_
a Ключевые слова певцы эстрадные российские
610 Ключевые слова 0_
a Ключевые слова певцы эстрадные советские
610 Ключевые слова 0_
a Ключевые слова актёры
610 Ключевые слова 0_
a Ключевые слова композиторы
610 Ключевые слова 0_
a Ключевые слова продюсеры музыкальные
610 Ключевые слова 0_
a Ключевые слова Народные артисты Российской Федерации
610 Ключевые слова 0_
a Ключевые слова личная жизнь артистов
686 Индексы других классификаций __
2 Код системы rubbk
a Классификационный индекс 85.364.1
700 Автор _1
a Фамилия Ким
b Имя (инициалы) М.
801 Источник записи _0
a Страна RU
b Организация МБУК ЦБС г. Ульяновска
c Дата составления 20230428
g Правила каталогизации RCR
801 Источник записи _1
a Страна RU
b Организация МБУК ЦБС г. Ульяновска
c Дата составления 20230428
g Правила каталогизации RCR
901 Тип документа __
t Тип документа b
w Контрольный № источника RU/CBS_UL/BASE/a3f68aa67b494533a02fc2573bf9b89e